[Event "Angers op 1st"]
[Site "Angers"]
[Date "2006.05.08"]
[Round "6"]
[White "Dalla Vedova, Christophe"]
[Black "Bailet, Pierre"]
[Result "0-1"]
[WhiteElo "1670"]
[BlackElo "2003"]
[PlyCount "48"]
[EventDate "2006.05.06"]
[EventType "swiss"]
[EventRounds "6"]
[EventCountry "FRA"]
[SourceTitle "EXT 2007"]
[Source "ChessBase"]
[SourceDate "2006.11.23"]
[SourceVersion "1"]
[SourceVersionDate "2006.11.23"]
[SourceQuality "1"]

1. c4 d6 2. Nc3 g6 3. e3 Bg7 4. d4 Nf6 5. Bd3 0-0 6. Qc2 e5 7. Nge2 Nc6 8. a3 Nd7 9. d5 Ne7 10. b4 f5 11. e4 Nf6 12. 0-0 f4 13. f3 g5 14. c5 Ng6 15. cxd6 cxd6 16. a4 g4 17. fxg4 Nxg4 18. h3 Qb6+ 19. Kh1 Nf2+ 20. Kh2 f3 21. Ng3 fxg2 22. Re1 Nxd3 23. Qxd3 Qf2 24. Rg1 Nh4 0-1

[Event "Angers op 1st"]
[Site "Angers"]
[Date "2006.05.07"]
[Round "3"]
[White "Dalla Vedova, Christophe"]
[Black "Lesbros, Bernard"]
[Result "0-1"]
[WhiteElo "1670"]
[BlackElo "2043"]
[PlyCount "90"]
[EventDate "2006.05.06"]
[EventType "swiss"]
[EventRounds "6"]
[EventCountry "FRA"]
[SourceTitle "EXT 2007"]
[Source "ChessBase"]
[SourceDate "2006.11.23"]
[SourceVersion "1"]
[SourceVersionDate "2006.11.23"]
[SourceQuality "1"]

1. c4 c5 2. Nc3 Nf6 3. e3 g6 4. d4 cxd4 5. exd4 d5 6. cxd5 Nxd5 7. Nf3 Bg7 8. Be3 Nxe3 9. fxe3 0-0 10. Bc4 Nc6 11. a3 Bg4 12. 0-0 e6 13. h3 Bxf3 14. Qxf3 Nxd4 15. Qxb7 Nc2 16. Rad1 Qc8 17. Qe4 Nxe3 18. Qxe3 Qxc4 19. Qf3 Bd4+ 20. Kh1 Rad8 21. Ne4 f5 22. Nc3 e5 23. Rc1 Qb3 24. Qe2 Rb8 25. Nd1 Qb5 26. Qxb5 Rxb5 27. b4 a5 28. Rc4 axb4 29. axb4 Rfb8 30. Nf2 Rxb4 31. Rxb4 Rxb4 32. Nd3 Ra4 33. Rb1 Ra1 34. Rxa1 Bxa1 35. Kg1 e4 36. Nf4 Kf7 37. Kf2 g5 38. Ne2 Bb2 39. Ke3 Ke6 40. g4 Be5 41. Kf2 f4 42. Ke1 f3 43. Nc1 Bf4 44. Na2 e3 45. Nb4 Bg3+ 0-1